000 00569nam a2200181Ia 4500
003 GCL
008 140319s9999 xx 000 0 ara d
040 _aGCL /
_cGCL
082 0 4 _a810.8
_bر ا
100 1 _aرشيدة عبدالحميد اللقانى
245 1 0 _aالفاظ الاطعمة و الاشربة فى كتاب الاغانى للاصفهانى /
_cرشيدة عبدالحميد اللقانى
300 _a139 ص
490 _a
650 0 4 _aالادب العربى
650 0 4 _aالالفاظ
650 0 4 _aالاصفهانى
942 _2ddc
_cBK
999 _c41413
_d41413